000 00798nam a2200265 a 4500
001 56636
003 BD-RjUL
005 20211209080422.0
008 161203s1984 caua b 001 0 eng
020 _a0534031889
035 _a(BD-RjUL)56760
040 _aDLC
_cDLC
_dDLC
_beng
041 _aeng
082 0 0 _a160
_223
_bKAL 1984
100 1 _aKahane, Howard,
_d1928-
_9168460
245 1 0 _aLogic and contemporary rhetoric :
_bthe use of reason in everyday life /
_cHoward Kahane.
250 _a4th ed.
260 _aBelmont, Calif. :
_bWadsworth Pub. Co.,
_cc1984.
300 _axiii, 321 p. :
_bill. ;
_c24 cm.
504 _aIncludes Bibliography and index.
650 0 _aFallacies (Logic)
_9168461
650 0 _aReasoning.
_9153978
650 0 _aJudgment (Logic)
_9117784
942 _2ddc
_cBK
999 _c56636
_d56636